Normal view
MARC view
- Sydenham, Peter H
Entry Personal Name
001 - CONTROL NUMBER
- control field: 68283
003 - CONTROL NUMBER IDENTIFIER
- control field: NUST
005 - DATE AND TIME OF LATEST TRANSACTION
- control field: 20210628204022.0
008 - FIXED-LENGTH DATA ELEMENTS
- fixed length control field: 210628|| aca||aabn | a|a d
040 ## - CATALOGING SOURCE
- Original cataloging agency: NUST
- Transcribing agency: NUST
100 ## - HEADING--PERSONAL NAME
- Personal name: Sydenham, Peter H
670 ## - SOURCE DATA FOUND
- Source citation: Work cat.: (NUST): Sydenham, Peter H, Systems approach to engineering design, 2004
